000
00307nam a2200157Ia 4500
100
_a
Kalam/Abdul APJ
650
_a
General
942
_c
BK
654
_a
ignited minds
245
_a
Ignited Minds
260
_b
Viking
_c
2002
082
_a
920
_b
KAL
300
_a
205
546
_a
ENGLISH
999
_c
20456
_d
20456